000 00798nam a2200241Ia 4500
003 OSt
005 20220923223631.0
006 a|||||r|||| 00| 0
007 ta
008 220922b |||||||| |||| 00| 0 hin d
024 _a219,233
037 _cTextual
040 _aARTS
_cARTS
_bhin
041 _2hin
_ahin
082 _aY:1.245, 152N4
100 _aमिट्टू, हरि कृष्ण; नरेश, अनु.
_9167525
245 0 _aहिमाचल प्रदेश
246 _aHimāchal pradesha
260 _aदिल्ली
_b नेशनल बुक ट्रस्ट
_c1994
300 _a99i`
_ccm.
942 _hY:1.245, 152N4
_cTEXL
_2CC
999 _c366527
_d366527